Music Quiz

Random Music or Kpop Quiz

Members of BTS by Picture Quiz Stats

 Plays Quiz Updated Jul 11, 2018

Challenge
Share
Tweet
Score 0/7 Timer 01:30
255 Plays Today
% Correct
Rap Monster
97%
Jungkook
95.2%
J-Hope
95.1%
Jin
94.7%
V
94.5%
Jimin
94.1%
Suga
93.6%

You're not logged in!

Compare scores with friends on all Sporcle quizzes.
OR
Log In

You Might Also Like...

Show Comments

Extras

Top Quizzes Today


Score Distribution

Your Account Isn't Verified!

In order to create a playlist on Sporcle, you need to verify the email address you used during registration. Go to your Sporcle Settings to finish the process.

Report this User

Report this user for behavior that violates our Community Guidelines.

Details: